Dni gregoriánskeho chorálu 18.-21. novembra v Bratislave

Bibliographic Details
Main Author: M.F (Author)
Format: Article
Language:Slovak
PhysicalDescription:Obr. 2
Subjects:

MARC

LEADER 00000nab a2200000 a 4500
001 vtls000506178
003 SK-MaSNL
005 20260304013416.0
008 120927c1994 xo 0 slo
015 |a SNBRB19rr/mm-uuuuu 
035 |a CL0506316 
040 |a SNKBUCL  |b slo  |c SNKBUCL  |e AACR2 
041 0 |a slo 
044 |a xo  |c SK 
080 |a 78.091.4:783.5:282  |2 1981 
080 |a 783.5  |2 1981 
080 |a 282  |2 1981 
100 1 |a M.F.  |4 aut  |9 883681 
245 1 0 |a Dni gregoriánskeho chorálu 18.-21. novembra v Bratislave  |c M.F. 
300 |b Obr. 2 
650 0 7 |a cirkevná hudba  |2 snkbucl  |9 1748 
650 0 7 |a gregoriánsky chorál  |2 snkbucl  |9 3440 
650 0 7 |a Dni gregoriánskeho chorálu 1993, Bratislava  |2 snkbucl  |9 1294379 
655 7 |a články z novín a časopisov  |2 snkbucl  |9 267496 
773 0 |t Katolícke noviny  |g Roč. 109, č. 1 (1994), s. 11 
850 |a Slovenská národná knižnica v Martine  |a MTA001 
852 |a SNK  |b KIS3GCP 
958 |a RK 
992 |a RBX 
999 |c 2575692  |d 2577622